000 00465nam a2200169Ia 4500
008 220216s9999 xx 000 0 und d
100 _aAbraham T
245 0 _aClonal nursery evaluation of half-sib progenies in two different agro-climatic regions
260 _bRubber Science
_c2016
300 _a264-276
650 _aClonal nursery
650 _aHalf-sib progeny
650 _aTest tapping
700 _aAjithkumar E
700 _aMydin K K
942 _cBS
999 _c49089
_d49089